000
00266nam a22001097a 4500
008
240715b |||||||| |||| 00| 0 eng d
100
_a
Sheikh, Nazir
_9
17026
245
_a
Charabhat Aur Hik Nurse
260
_b
Adarsh Adab Pub;
_c
1966.
300
_a
108p.
942
_c
BK
999
_c
40371
_d
40371